000 00927cam a2200289 a 4500
001 3751368
003 OSt
005 20220225123223.0
008 820903s1983 nyua b 001 0 eng
010 _a 82017590
020 _a0471053988 :
_c$26.95 (est.)
040 _aDLC
_cDLC
_dDLC
050 0 0 _aHF 5695
_b.M66 1983
082 0 0 _a519
_219
100 1 _aMizrahi, Abe.
245 1 0 _aFinite mathematics with applications for business and social sciences /
_cAbe Mizrahi, Michael Sullivan.
250 _a4th ed.
260 _aNew York :
_bWiley,
_cc1983.
300 _axiii, 637 p. :
_bill. ;
_c26 cm.
504 _aIncludes bibliographies and index.
650 0 _aBusiness mathematics.
650 0 _aSocial sciences
_xMathematics.
650 0 _aMathematics.
700 1 _aSullivan, Michael,
_d1942-
906 _a7
_bcbc
_corignew
_d1
_eocip
_f19
_gy-gencatlg
942 _2lcc
_cBOOKS
_hHF 5695 .M66 1983
999 _c31238
_d31238